[Event "Thessaloniki Vardaris op 7th"]
[Site "Thessaloniki"]
[Date "2024.03.16"]
[Round "4"]
[White "Tsaknakis, Zisis"]
[Black "Skodras, Marios Konstantinos"]
[Result "1-0"]
[WhiteElo "2294"]
[BlackElo "1798"]
[PlyCount "63"]
[EventDate "2024.03.14"]
[EventType "swiss"]
[EventRounds "7"]
[EventCountry "GRE"]
[SourceTitle "CB13_2024"]
[SourceDate "2024.03.27"]
[SourceVersion "1"]
[SourceVersionDate "2024.03.27"]
[SourceQuality "1"]

1. e4 e5 2. Nf3 Nc6 3. Bb5 a6 4. Ba4 Nf6 5. 0-0 b5 6. Bb3 Bc5 7. c3 d6 8. d4 Bb6 9. Re1 0-0 10. Bg5 h6 11. Bh4 Qe7 12. Bd5 Bb7 13. Na3 Na5 14. b4 Bxd5 15. exd5 Nb7 16. dxe5 dxe5 17. Nxe5 Qd6 18. c4 g5 19. c5 Nxc5 20. bxc5 Bxc5 21. Bg3 Bxa3 22. Ng4 Qd8 23. Bxc7 Qxc7 24. Nxf6+ Kg7 25. Qd4 Kg6 26. h4 h5 27. Re5 gxh4 28. Qe4+ Kxf6 29. Qf4+ Kg6 30. Rg5+ Kh6 31. Qf6+ Kh7 32. Qg7# 1-0

[Event "Paphos op 1st"]
[Site "Paphos"]
[Date "2023.04.08"]
[Round "3"]
[White "Basso, Pier Luigi"]
[Black "Tsaknakis, Zisis"]
[Result "1-0"]
[WhiteElo "2506"]
[BlackElo "2310"]
[PlyCount "69"]
[EventDate "2023.04.07"]
[EventType "swiss"]
[EventRounds "9"]
[EventCountry "CYP"]
[SourceTitle "CBM 213 Extra"]
[Source "ChessBase"]
[SourceDate "2023.05.31"]
[SourceVersion "1"]
[SourceVersionDate "2023.05.31"]
[SourceQuality "1"]

1. d4 g6 2. g3 Bg7 3. Bg2 d5 4. Nf3 Nf6 5. c4 0-0 6. 0-0 dxc4 7. Na3 c3 8. bxc3 c5 9. Ne5 Nc6 10. Nxc6 bxc6 11. Nc4 Nd5 12. Bd2 cxd4 13. cxd4 Bxd4 14. Rc1 Bd7 15. Bh6 Bg7 16. Bxg7 Kxg7 17. Qd2 Qb8 18. Rfd1 Nf6 19. Qe3 Qc7 20. Ne5 Rad8 21. Nxd7 Rxd7 22. Rxd7 Qxd7 23. Bxc6 Qc7 24. Bf3 Qd7 25. Qe5 Qd2 26. Rc7 Qxa2 27. Qxe7 Re8 28. Qc5 a5 29. Kg2 h5 30. Ra7 a4 31. Qd4 a3 32. Qc5 Re6 33. Rxa3 Re5 34. Qxe5 Qxa3 35. Bxh5 1-0

[Event "Thessaloniki White Tower op-A 2nd"]
[Site "Thessaloniki"]
[Date "2023.01.04"]
[Round "4"]
[White "Megalios, Konstantinos"]
[Black "Tsaknakis, Zisis"]
[Result "1/2-1/2"]
[WhiteElo "2397"]
[BlackElo "2304"]
[PlyCount "82"]
[EventDate "2023.01.02"]
[EventType "swiss"]
[EventRounds "9"]
[EventCountry "GRE"]
[SourceTitle "CBM 212 Extra"]
[Source "ChessBase"]
[SourceDate "2023.03.31"]
[SourceVersion "1"]
[SourceVersionDate "2023.03.31"]
[SourceQuality "1"]

1. d4 Nf6 2. c4 g6 3. Nc3 Bg7 4. e4 d6 5. Nf3 0-0 6. Be2 e5 7. d5 Nbd7 8. Be3 Ng4 9. Bg5 f6 10. Bh4 Nh6 11. Nd2 g5 12. Bg3 f5 13. f3 c5 14. dxc6 bxc6 15. Nb3 Qe7 16. Na5 Nb8 17. Nxc6 Nxc6 18. Qd5+ Be6 19. Qxc6 Rfc8 20. Qa4 Rab8 21. Rb1 g4 22. Bf2 gxf3 23. gxf3 fxe4 24. fxe4 Rb7 25. Rg1 Kh8 26. Be3 Qh4+ 27. Kd2 Qxh2 28. Rh1 Rxb2+ 29. Kd3 Qg2 30. Rbg1 Rxe2 31. Rxg2 Rxg2 32. Bxh6 Bxh6 33. Rxh6 Bxc4+ 34. Ke3 Rg3+ 35. Kf2 Rxc3 36. Qd7 Rf8+ 37. Ke1 Re3+ 38. Kd2 Rd3+ 39. Ke1 Re3+ 40. Kd2 Rd3+ 41. Ke1 Re3+ 1/2-1/2

[Event "Thessaloniki White Tower op-A 2nd"]
[Site "Thessaloniki"]
[Date "2023.01.03"]
[Round "2"]
[White "Galanis, Nikolaos Panagiotis"]
[Black "Tsaknakis, Zisis"]
[Result "1/2-1/2"]
[WhiteElo "1774"]
[BlackElo "2304"]
[PlyCount "84"]
[EventDate "2023.01.02"]
[EventType "swiss"]
[EventRounds "9"]
[EventCountry "GRE"]
[SourceTitle "CBM 212 Extra"]
[Source "ChessBase"]
[SourceDate "2023.03.31"]
[SourceVersion "1"]
[SourceVersionDate "2023.03.31"]
[SourceQuality "1"]

1. e4 c5 2. Nf3 e6 3. g3 Nc6 4. Bg2 Nf6 5. d3 e5 6. 0-0 Be7 7. Nc3 h6 8. Nd5 d6 9. Nxe7 Qxe7 10. a3 0-0 11. b4 cxb4 12. axb4 Nxb4 13. Ba3 Nc6 14. d4 Rd8 15. dxe5 Nxe5 16. Nxe5 Qxe5 17. f4 Qc3 18. Qd3 Qxd3 19. cxd3 a5 20. Rfc1 Rb8 21. e5 dxe5 22. fxe5 Ne8 23. Rd1 Be6 24. d4 Bd5 25. Bh3 Bb3 26. Rd2 Be6 27. Bg2 Bd5 28. Bh3 Ra8 29. Be7 Rdb8 30. Bg2 Bxg2 31. Kxg2 b5 32. d5 Nc7 33. Rc1 Rb7 34. d6 Ne6 35. d7 Kh7 36. d8Q Nxd8 37. Rxd8 Ra6 38. Bd6 b4 39. Rdc8 a4 40. R8c4 a3 41. Rxb4 Rxb4 42. Bxb4 a2 1/2-1/2

[Event "Skopje op"]
[Site "Skopje"]
[Date "2022.10.24"]
[Round "5"]
[White "Leftheriotis, Alexandros"]
[Black "Tsaknakis, Zisis"]
[Result "1/2-1/2"]
[WhiteElo "2072"]
[BlackElo "2300"]
[PlyCount "119"]
[EventDate "2022.10.21"]
[EventType "swiss"]
[EventRounds "9"]
[EventCountry "MKD"]
[SourceTitle "EXT 2024"]
[Source "ChessBase"]
[SourceDate "2023.10.10"]
[SourceVersion "1"]
[SourceVersionDate "2023.10.10"]
[SourceQuality "1"]

1. e4 c5 2. Nf3 e6 3. d4 cxd4 4. Nxd4 Nc6 5. Nc3 a6 6. Nxc6 bxc6 7. Bd3 d5 8. 0-0 Nf6 9. Qe2 Be7 10. Bd2 0-0 11. f4 Nd7 12. e5 g6 13. Na4 Nb6 14. Ba5 Rb8 15. Qf2 Nxa4 16. Bxd8 Bc5 17. Qxc5 Nxc5 18. Be7 Na4 19. Bxf8 Kxf8 20. b3 Nc3 21. Kf2 h5 22. Ke3 c5 23. Kd2 d4 24. Be2 a5 25. Bf3 Bd7 26. g3 a4 27. h3 Ke7 28. g4 hxg4 29. hxg4 g5 30. fxg5 Rg8 31. Rh1 Rxg5 32. Rh5 Rg8 33. Rah1 a3 34. Rh8 Rxh8 35. Rxh8 Be8 36. Rh1 Kf8 37. Rh8+ Ke7 38. Rh1 Kf8 39. Be2 Kg7 40. Bd3 Bc6 41. Rh7+ Kg8 42. g5 Nxa2 43. g6 Be8 44. g7 Bc6 45. Rh8+ Kxg7 46. Rc8 Nb4 47. Kc1 Bd5 48. Bf1 a2 49. Kb2 Nxc2 50. Kxa2 d3 51. Kb2 Nd4 52. Bxd3 Nxb3 53. Kc3 Nd4 54. Rxc5 Nf3 55. Bb5 Kg6 56. Be8 Nxe5 57. Rxd5 exd5 58. Kd4 Ng4 59. Bxf7+ Kxf7 60. Kxd5 1/2-1/2

[Event "Thessaloniki op 1st"]
[Site "Thessaloniki"]
[Date "2022.08.04"]
[Round "2"]
[White "Athanasiadis, Mihail"]
[Black "Tsaknakis, Zisis"]
[Result "0-1"]
[WhiteElo "2058"]
[BlackElo "2307"]
[PlyCount "58"]
[EventDate "2022.08.03"]
[EventType "swiss"]
[EventRounds "9"]
[EventCountry "GRE"]
[SourceTitle "CBM 209 Extra"]
[Source "ChessBase"]
[SourceDate "2022.09.30"]
[SourceVersion "1"]
[SourceVersionDate "2022.09.30"]
[SourceQuality "1"]

1. e4 c5 2. Nf3 e6 3. d4 cxd4 4. Nxd4 Nf6 5. Nc3 Nc6 6. Nxc6 bxc6 7. e5 Nd5 8. Ne4 Qc7 9. f4 Rb8 10. c4 Bb4+ 11. Ke2 0-0 12. a3 Be7 13. Qc2 Nb6 14. Be3 f6 15. Nd6 fxe5 16. fxe5 Bxd6 17. exd6 Qxd6 18. b3 Qe5 19. Re1 d5 20. Kd1 Qa1+ 21. Kd2 Qxa3 22. Bd3 Nxc4+ 23. Bxc4 dxc4 24. Ra1 Qd6+ 25. Ke2 Rxb3 26. Ra5 Qb4 27. Rg5 c3 28. Bc5 Ba6+ 29. Ke3 Qf4# 0-1

[Event "Thessaloniki op 1st"]
[Site "Thessaloniki"]
[Date "2022.08.03"]
[Round "1"]
[White "Tsaknakis, Zisis"]
[Black "Sotiropoulos, Anastasios Theohar"]
[Result "1-0"]
[WhiteElo "2307"]
[BlackElo "1931"]
[PlyCount "70"]
[EventDate "2022.08.03"]
[EventType "swiss"]
[EventRounds "9"]
[EventCountry "GRE"]
[SourceTitle "CBM 209 Extra"]
[Source "ChessBase"]
[SourceDate "2022.09.30"]
[SourceVersion "1"]
[SourceVersionDate "2022.09.30"]
[SourceQuality "1"]

1. e4 c6 2. d4 d5 3. exd5 cxd5 4. c3 Nc6 5. Nf3 Qc7 6. g3 Bg4 7. Be2 e6 8. Bf4 Bd6 9. Bxd6 Qxd6 10. Nbd2 Nf6 11. 0-0 0-0 12. Ne5 Bxe2 13. Qxe2 Rab8 14. a4 Qc7 15. Nd3 Na5 16. h4 Nc4 17. Nf3 Ne4 18. Kg2 a6 19. Ng5 Ncd6 20. a5 Rbe8 21. Ra4 Re7 22. Nxe4 Nxe4 23. Rfa1 Rd8 24. Rb4 f6 25. Rb6 Rd6 26. Rxd6 Qxd6 27. Qg4 Qc6 28. Re1 Qb5 29. Nb4 Qxa5 30. Qf4 Qd8 31. c4 e5 32. dxe5 fxe5 33. Qc1 Nxf2 34. cxd5 Ng4 35. Qc4 Qb6 1-0

[Event "Paracin op-A 15th"]
[Site "Paracin"]
[Date "2022.07.13"]
[Round "6"]
[White "Ganerdene, Sugar"]
[Black "Tsaknakis, Zisis"]
[Result "1/2-1/2"]
[WhiteElo "2428"]
[BlackElo "2266"]
[PlyCount "129"]
[EventDate "2022.07.08"]
[EventType "swiss"]
[EventRounds "9"]
[EventCountry "SRB"]
[SourceTitle "CBM 209 Extra"]
[Source "ChessBase"]
[SourceDate "2022.09.30"]
[SourceVersion "1"]
[SourceVersionDate "2022.09.30"]
[SourceQuality "1"]

1. d4 d5 2. c4 e6 3. Nf3 Nf6 4. g3 dxc4 5. Bg2 c5 6. 0-0 Nc6 7. dxc5 Qxd1 8. Rxd1 Bxc5 9. Nbd2 c3 10. bxc3 0-0 11. Nb3 Be7 12. Nfd4 Nxd4 13. cxd4 Nd5 14. Bb2 f5 15. e4 fxe4 16. Bxe4 b6 17. Bg2 Bd7 18. Re1 Bb4 19. Re2 Rac8 20. a3 Bc3 21. Bh3 Rf3 22. Bg4 Rd3 23. Rb1 Bxb2 24. Rbxb2 Rcc3 25. Nd2 Rxd4 26. Bxe6+ Bxe6 27. Rxe6 Kf7 28. Re5 Rxa3 29. Ne4 Nf6 30. Ng5+ Kg6 31. Ne6 Re4 32. Nf4+ Kf7 33. Reb5 Rc4 34. Re2 Ra5 35. Rxa5 bxa5 36. Re5 Ra4 37. Rb5 Nd7 38. Rb7 Ke7 39. Rxa7 Kd6 40. Ra6+ Kc5 41. Nd3+ Kb5 42. Ra7 Rd4 43. Nf4 a4 44. Kf1 Nc5 45. Ke2 g5 46. Ng2 Na6 47. Ne3 Rd6 48. Nc2 Kc4 49. Rb7 Kc3 50. Na3 Re6+ 51. Kd1 Nc5 52. Nb1+ Kd4 53. Rxh7 Ne4 54. Rd7+ Kc5 55. Rc7+ Kd4 56. f3 Nc5 57. Na3 Rh6 58. Nc2+ Kc4 59. Ne3+ Kb5 60. Rc8 Rxh2 61. Rb8+ Kc6 62. Rc8+ Kb5 63. Rb8+ Kc6 64. Rc8+ Kb5 65. Rb8+ 1/2-1/2

[Event "Paracin op-A 15th"]
[Site "Paracin"]
[Date "2022.07.08"]
[Round "1"]
[White "Tsaknakis, Zisis"]
[Black "Aditya, Varun Gampa"]
[Result "1/2-1/2"]
[WhiteElo "2266"]
[BlackElo "1980"]
[PlyCount "101"]
[EventDate "2022.07.08"]
[EventType "swiss"]
[EventRounds "9"]
[EventCountry "SRB"]
[SourceTitle "EXT 2023"]
[Source "ChessBase"]
[SourceDate "2022.10.05"]
[SourceVersion "1"]
[SourceVersionDate "2022.10.05"]
[SourceQuality "1"]

1. Nf3 d5 2. g3 Nc6 3. d4 Bf5 4. Bg2 e6 5. 0-0 Nb4 6. Na3 h6 7. c4 Nf6 8. Ne5 c6 9. Bd2 dxc4 10. Naxc4 Nbd5 11. Qb3 Qc8 12. f3 Nb6 13. e4 Nxc4 14. Qxc4 Bh7 15. Bb4 Bxb4 16. Qxb4 Qc7 17. Nc4 0-0-0 18. Rfd1 Kb8 19. Rac1 Rhe8 20. a4 g5 21. e5 Nd5 22. Qa3 Rd7 23. a5 a6 24. Nd6 Red8 25. Ne4 Bxe4 26. fxe4 Ne7 27. Qc5 g4 28. Rc4 Ng6 29. Rdc1 Ka8 30. Rb4 Qb8 31. Bf1 Qa7 32. Rb6 Ne7 33. Rc4 Nc8 34. Ra4 h5 35. Be2 Ne7 36. Kf2 Nc8 37. Ke3 h4 38. gxh4 Ne7 39. h5 Rh8 40. Bxg4 Qb8 41. Rab4 Qg8 42. Rxb7 Rxb7 43. Rxb7 Qg5+ 44. Kf3 Kxb7 45. Qb6+ Kc8 46. Qxa6+ Kd8 47. Qb6+ Kd7 48. Qb7+ Kd8 49. Qb6+ Kd7 50. Qb7+ Kd8 51. Qb6+ 1/2-1/2

[Event "Thessaloniki Triandria op 13th"]
[Site "Thessaloniki"]
[Date "2022.04.29"]
[Round "5"]
[White "Tsaknakis, Zisis"]
[Black "Konstantinidis, Mavroudis"]
[Result "1-0"]
[WhiteElo "2270"]
[BlackElo "1400"]
[PlyCount "78"]
[EventDate "2022.04.26"]
[EventType "swiss"]
[EventRounds "7"]
[EventCountry "GRE"]
[SourceTitle "EXT 2023"]
[Source "ChessBase"]
[SourceDate "2022.10.05"]
[SourceVersion "1"]
[SourceVersionDate "2022.10.05"]
[SourceQuality "1"]

1. d4 d6 2. e4 Nf6 3. Nc3 e5 4. Nf3 exd4 5. Nxd4 Be7 6. g3 0-0 7. Bg2 Re8 8. 0-0 Nbd7 9. b3 Nc5 10. Bb2 c6 11. Re1 Qc7 12. Qd2 Bd7 13. a4 a5 14. h3 Rad8 15. g4 h6 16. Rad1 Nh7 17. Qe3 Bf6 18. Qg3 Nf8 19. Nf5 Bxf5 20. gxf5 Nh7 21. Re2 Re7 22. Red2 Red7 23. Ba3 b6 24. f4 Nf8 25. Kh1 Re8 26. Bb2 Nh7 27. Bf3 Rdd8 28. Rg1 Qe7 29. Re2 Kh8 30. e5 dxe5 31. Bxc6 Qc7 32. Bxe8 Rxe8 33. Nd5 Qc6 34. Qg2 Nd7 35. fxe5 Nxe5 36. Bxe5 Rxe5 37. Nxf6 Qxg2+ 38. Rgxg2 gxf6 39. h4 h5 1-0

[Event "Krakow op-A 32nd"]
[Site "Krakow"]
[Date "2022.01.02"]
[Round "7"]
[White "Tsaknakis, Zisis"]
[Black "Redzisz, Michal"]
[Result "1-0"]
[WhiteElo "2202"]
[BlackElo "2261"]
[PlyCount "80"]
[EventDate "2021.12.27"]
[EventType "swiss"]
[EventRounds "9"]
[EventCountry "POL"]
[SourceTitle "EXT 2023"]
[Source "ChessBase"]
[SourceDate "2022.10.05"]
[SourceVersion "1"]
[SourceVersionDate "2022.10.05"]
[SourceQuality "1"]

1. Nf3 Nf6 2. g3 d5 3. Bg2 g6 4. 0-0 Bg7 5. d3 0-0 6. Nbd2 b6 7. e4 dxe4 8. dxe4 Bb7 9. Qe2 e6 10. e5 Nfd7 11. Nc4 Nc6 12. Bf4 h6 13. h4 Qe7 14. Ne3 Qc5 15. Ng4 Kh7 16. Rad1 Rad8 17. Bxh6 Bxh6 18. Rxd7 Ba6 19. Qxa6 Nb8 20. Nf6+ Kg7 21. Qd3 Nxd7 22. Nxd7 Qc6 23. Rd1 Rfe8 24. Ng5 Qa4 25. Ne4 Re7 26. Nef6 Kh8 27. b3 Qb4 28. Qc4 Qxc4 29. bxc4 Bg7 30. Bc6 Bxf6 31. exf6 Ree8 32. Re1 Kh7 33. Re5 Kh6 34. Kg2 Rg8 35. f4 a5 36. a4 Rh8 37. g4 Rhg8 38. Kg3 Kh7 39. h5 Rh8 40. hxg6+ Kg8 1-0